000 00615nam a2200241 a 4500
001 nice12345678
003 IN_TiNIC
005 20260116011315.0
008 050524s1965 bana grp 000 0 eng
020 _a
_c100
082 0 0 _a306.0899145
_bTHO
100 _aThomas, M M
245 _aTribal Awakening
_b Group Study.
260 _aBangalore
_bChristian Instt.For Study of Religion
_c1965
300 _a237p
500 _aincludes index and biblioraphy
505 2 _aSocial Concerns Series No.11
650 _aTribes-India
700 1 _aThomas, M M
902 _bSRS
942 _cBK
999 _c370
_d370